Virginia Woolf /

Збережено в:
Бібліографічні деталі
Автор: Nicolson, Nigel (autor)
Формат: Книга
Мова:Іспанська
Опубліковано: Barcelona, España : Mondadori, 2002, c2002
Серія:(Vita Breve)
Предмети:
Теги: Додати тег
Немає тегів, Будьте першим, хто поставить тег для цього запису!

MARC

LEADER 00000nam^a2200000^a^4500
001 000581974
005 20250521000000.0
009 20260310132620.818
020 |a 84-397-0846-7 
037 |a Acervo ITESO - Biblioteca 
041 |a ESP 
082 |a 820. 942082  |b NIC 
100 |a Nicolson, Nigel  |e (autor) 
245 1 0 |a Virginia Woolf /  |c N. Nicolson ; tr. de Cruz Rodríguez Juiz. 
264 4 |a Barcelona, España :  |b Mondadori,  |c 2002, c2002 
300 |a 206 p. 
336 |a texto  |b txt  |2 rdacontenido 
337 |a sin mediación  |b n  |2 rdamedio 
338 |a volumen  |b nc  |2 rdasoporte 
440 1 |a (Vita Breve) 
500 |a Traducción de: Virginia Woolf 
545 0 |a Nacida en 1882 en Londres, la escritora Virginia Woolf fue uno de los miembros más importantes del llamado grupo de Bloomsbury, que dominó la vida intelectual inglesa en las tres primeras décadas del siglo XX. La autora inició la publicación de su obra con la novela Viaje de ida (1913) y comenzó el diario que fuera publicado parcialmente como Diario de una escritora (1953). Junto con su esposo Leonard Woolf fundó en 1917 la editorial Hogarth, que publicó casi todas las obras de la escritora y también textos de T.S. Eliot, Katherine Mansfield, James Joyce o Edward Morgan Forster. Luego de la aparición de la novela Noche y día (1920), Woolf publicaría ya con mayor regularidad sus demás obras: las novelas El cuarto de Jacob (1924), Mrs. Dalloway (1925), Al faro (1927), Orlando (1928), Las olas (1931), Los años (1932-1937) y Entre actos (1940-1941); el volumen de relatos Lunes o martes (1921); los ensayos Mr. Bennett y Mrs. Brown (1924), El lector común (divididos en dos series, de 1925 y 1932), Una habitación propia (1929) y Tres guineas (1938). Su obra en conjunto ha sido vista como una de las más importantes contribuciones a la renovación que la narrativa experimentó en la primera mitad del siglo XX y una de las más agudas indagaciones literarias jamás escritas acerca de la condición femenina. Víctima de frecuentes depresiones, Woolf se suicidó en 1941. 
649 |a XX 
650 |a Escritores Ingleses -  |x Biografías 
650 |a Escritores Ingleses -  |x Memorias 
650 |a Mujeres Inglesas -  |x Biografías 
650 |a Memorias Inglesas 
650 |a Literatura de Mujeres -  |z Inglaterra -  |x Historia y Crítica 
650 |a Literatura Autobiográfica -  |z Inglaterra 
650 |a Literatura Inglesa -  |x Historia y Crítica 
650 |a Literatura Inglesa -  |y Siglo XX 
650 |a Woolf, Virginia -  |x Tema Principal 
650 |a Nicolson, Nigel 
910 |a Fondo General 
920 |a Impresos - Libros 
930 |a Colección General 
940 |a Literatura 
905 |a 101 
901 |a 0500409499  |b IT1  |c LIT  |i D131079  |u 20250521 
902 |a https://opac.biblio.iteso.mx/vufind/Record/000581974